Elementary Surveying, Global Edition/

For Surveying courses offered in Civil Engineering departments   This highly readable, best-selling text presents basic concepts and practical material in each of the areas fundamental to modern surveying (geomatics) practice. Its depth and breadth are ideal for self-study. Elementary Surveying, 14t...

Full description

Saved in:
Bibliographic Details
Main Authors: Ghilani, Charles D. (Author), Wolf, Paul (Author)
Format: Electronic Book
Published: Harlow : Pearson International Content, 2016.
Edition:Fourteenth edition
Subjects:
Online Access:https://resolver.vitalsource.com/9781292060675
Tags: Add Tag
No Tags, Be the first to tag this record!

MARC

LEADER 00000nam#a2200000 4500
001 9781292060675
003 VST
005 20260317120218.0
006 m o d
007 cr#un#---uucau
008 160308s2016 xxk o 00 0 eng d
020 |a  9781292060675   |q  (ebook)  
020 |z  9780133758887   |q  (book)  
020 |z  9780133759020   |q  (ebook)  
020 |z  9780133587876   |q  (ebook)  
020 |z  9781323413074   |q  (ebook)  
020 |z  9781292060491   |q  (paperback)  
020 |z  9780133587869   |q  (ebook)  
040 |a VST  |b eng  |c VST  |d VST 
072 |a TEC009000  |2 bisacsh 
072 |a NON000000  |2 bisacsh 
072 |a TNCB  |2 bicssc 
072 |a TN  |2 bicssc 
100 1 |a Ghilani, Charles D.  |e author 
245 1 0 |a Elementary Surveying, Global Edition/  |c  Charles D. Ghilani, Paul Wolf. 
250 |a Fourteenth edition 
264 1 |a Harlow :  |b Pearson International Content,  |c 2016. 
300 |a 1 online resource 
336 |a text  |b txt  |2 rdacontent 
337 |a computer  |b c  |2 rdamedia 
338 |a online resource  |b cr  |2 rdacarrier 
520 |a For Surveying courses offered in Civil Engineering departments   This highly readable, best-selling text presents basic concepts and practical material in each of the areas fundamental to modern surveying (geomatics) practice. Its depth and breadth are ideal for self-study. Elementary Surveying, 14th Edition, is updated throughout to reflect the latest advances and technology.   Teaching and Learning Experience This program will provide a better teaching and learning experience—for you and your students. It will help: Emphasise the Theory of Errors in Surveying Work: Common errors and mistakes are listed to remind students to exercise caution in their work. Use Strong Pedagogy Tools to Teach: Numerous worked example problems, figures, illustrations, and end-of-chapter problems help students apply concepts. Reflect the Latest Advances in Technology: To keep your course current and relevant, this edition covers the latest advancements in surveying technology. The full text downloaded to your computer With eBooks you can: search for key concepts, words and phrases make highlights and notes as you study share your notes with friends eBooks are downloaded to your computer and accessible either offline through the Bookshelf (available as a free download), available online and also via the iPad and Android apps. Upon purchase, you'll gain instant access to this eBook. Time limit The eBooks products do not have an expiry date. You will continue to access your digital ebook products whilst you have your Bookshelf installed. 
650 4 |a Non-Classifiable 
650 4 |a Technology & Engineering/Engineering (General) 
700 1 |a Wolf, Paul  |e author 
776 0 8 |i Book version:  |t Elementary Surveying, Global Edition  |z 9780133758887 
776 0 8 |i Paperback version:  |t Elementary Surveying, Global Edition  |z 9781292060491 
856 4 0 |u https://resolver.vitalsource.com/9781292060675 
999 |c 249604  |d 249603